000 00424pab a2200169 454500
008 180718b2011 xxu||||| |||| 00| 0 eng d
100 _aHaragopal, G.
245 _aMalkangiri kidnap in Orissa: Negotiating peace
260 _c2011
300 _ap.23-27.
362 _a25 Jun
650 _aTerrorism - India - Orissa
650 _aTerrorism
773 _aEconomic and Political Weekly
908 _aN
909 _a92239
999 _c92239
_d92239